Central Library OPAC University of Rajshahi

فهرست دستي كتب قلمي لابريري موقوفه خان بهادر خدا بخش... مسمى به مفتاح الكنوز الخفية ;; faharasat disti katab qalami labriri mawqufah khan bihadir khada bikhash... musamaa bih miftah alkunuz alkhafia (Record no. 79118)

MARC details
000 -LEADER
fixed length control field 01622nam a2200289 a 4500
001 - CONTROL NUMBER
control field 79118
003 - CONTROL NUMBER IDENTIFIER
rucl marc code BD-RjUL
005 - DATE AND TIME OF LATEST TRANSACTION
control field 20220105123549.0
008 - FIXED-LENGTH DATA ELEMENTS--GENERAL INFORMATION
fixed length control field 160725s1918 ii 000 0 per d
035 ## - SYSTEM CONTROL NUMBER
System control number (BD-RjUL)79118
040 ## - CATALOGING SOURCE
Original cataloging agency HAI
Transcribing agency BD-RjUL
Language of cataloging eng
041 0# - LANGUAGE CODE
Language code of text/sound track or separate title per
082 ## - DEWEY DECIMAL CLASSIFICATION NUMBER
Edition number 23
Classification number 016.091297
Author mark and year KHF V-1 1918
090 ## - LOCALLY ASSIGNED LC-TYPE CALL NUMBER (OCLC); LOCAL CALL NUMBER (OCLC)
Local cutter number (OCLC) ; Book number/undivided call number, CALL (RLIN) H34 1918
110 2# - MAIN ENTRY--CORPORATE NAME
Corporate name or jurisdiction name as entry element Khoda Bakhsh Oriental Public Library ;; خدا بخش أوريينتال پابليك لايبريري
9 (RLIN) 506
245 10 - TITLE STATEMENT
Title فهرست دستي كتب قلمي لابريري موقوفه خان بهادر خدا بخش... مسمى به مفتاح الكنوز الخفية ;; faharasat disti katab qalami labriri mawqufah khan bihadir khada bikhash... musamaa bih miftah alkunuz alkhafia
Statement of responsibility, etc. مرتبه مولوي عبد الحميد ؛ مصدقه دينيسن راس ؛ زير نگراني مولوي ابو الحسن خان. ;; muratabah mulawi eabd alhamid ; musadiquh dinisin ras ; zir nagrani mulawi abu alhasan khan.
246 33 - VARYING FORM OF TITLE
Title proper/short title miftah alkunuz alkhafia ;; مفتاح الكنوز الخفية
260 ## - PUBLICATION, DISTRIBUTION, ETC. (IMPRINT)
Place of publication, distribution, etc. پتنه :
Name of publisher, distributor, etc. صاددقپور پريس،
Date of publication, distribution, etc. ١٩١٨-١٩٢٥.
300 ## - PHYSICAL DESCRIPTION
Pagination v. ;
Size ٣٤ س.
500 ## - GENERAL NOTE
General note رتب الجزء الثالت سيد أطهر شير
650 #4 - SUBJECT ADDED ENTRY--TOPICAL TERM
Topical term or geographic name as entry element Manuscripts, Arabic
Geographic subdivision India
-- Patna
Form subdivision Catalogs
9 (RLIN) 507
Topical term or geographic name as entry element Manuscripts, Persian
Geographic subdivision India
-- Patna
Form subdivision Catalogs
9 (RLIN) 508
700 1# - ADDED ENTRY--PERSONAL NAME
Personal name Abdul Hamid, Molowi ;; عبد الحميد، مولوي
Personal name Sher, Syed Athar ;; شير، سيد أطهر
Personal name روس، أدوارد دينيسون، ;; Ross, Edward Denison,
Dates associated with a name 1871-1940
942 ## - ADDED ENTRY ELEMENTS (KOHA)
Source of classification or shelving scheme Dewey Decimal Classification
Koha item type Books
Holdings
Lost status Source of classification or shelving scheme Damaged status Not for loan Collection code Permanent Location Current Location Shelving location Date acquired Source of acquisition Full call number Date last seen Copy number Koha item type
  Dewey Decimal Classification   Not For Loan Non-fiction Central Library, University of Rajshahi Central Library, University of Rajshahi Reading Room 28/12/1978 Khoda bakhaks oriental Lib. Patna F 016.091297 KHF V-1 1918 04/01/2022 C-1 Books
  Dewey Decimal Classification   Not For Loan Non-fiction Central Library, University of Rajshahi Central Library, University of Rajshahi Reading Room 28/12/1978 Khoda bakhaks oriental Lib. Patna F 016.091297 KHF V-2 1922 04/01/2022 C-1 Books